Shariff v SoS Environment Transport and the Regions and another (Record no. 65541)

MARC details
000 -LEADER
fixed length control field 00928cam a2200181 4500
008 - FIXED-LENGTH DATA ELEMENTS--GENERAL INFORMATION
fixed length control field 000000n1999 000 0 eng u
035 ## - SYSTEM CONTROL NUMBER
System control number (Sirsi) u109845
245 ## - TITLE STATEMENT
Title Shariff v SoS Environment Transport and the Regions and another
260 ## - PUBLICATION, DISTRIBUTION, ETC.
Date of publication, distribution, etc. 1999
490 ## - SERIES STATEMENT
Series statement Property, Planning and Compensation Reports
Volume/sequential designation [2000] 79 P&CR 382-388(7)
520 ## - SUMMARY, ETC.
Summary, etc. QBD 23 September 1999. Town and country planning. Planning appeal to retain various buildings dismissed because of adverse effect on residential amenity of adjacent building. New evidence in High Court that enforcement notice exists to prevent residential use of affected building. Whether further evidence can be admitted. (Taken from headnote)
650 ## - SUBJECT ADDED ENTRY--TOPICAL TERM
Topical term or geographic name entry element SSHARIFF V SOS ENVIRONMENT TRANSPORT AND ANOTHER
650 ## - SUBJECT ADDED ENTRY--TOPICAL TERM
Topical term or geographic name entry element PLANNING PERMISSION
650 ## - SUBJECT ADDED ENTRY--TOPICAL TERM
Topical term or geographic name entry element ADVERSE EFFECT
650 ## - SUBJECT ADDED ENTRY--TOPICAL TERM
Topical term or geographic name entry element RESIDENTIAL AMENITY
690 ## - LOCAL SUBJECT ADDED ENTRY--TOPICAL TERM (OCLC, RLIN)
Topical term or geographic name as entry element Planning and development
9 (RLIN) 6259
942 ## - ADDED ENTRY ELEMENTS (KOHA)
Suppress in OPAC 0
Holdings
Withdrawn status Lost status Source of classification or shelving scheme Damaged status Not for loan Home library Current library Shelving location Date acquired Total Checkouts Barcode Date last seen Copy number Price effective from Koha item type
    Dewey Decimal Classification     London London Journals 06/12/2000   109845-1001 06/08/2019 1 06/08/2019 Law report